000 00461nam a2200157Ia 4500
005 20241125043937.0
008 240331s9999 xx 000 0 und d
020 _a8170901308
082 _bIIA
_a894
245 0 _aCilappatikaram
260 _a Thanjavur
_bTamil University press
_c1989
300 _avii, 150 p .,
500 _aCilappatikaram composed by Ilanko is a world classic, Considered purely as literature.
700 _aDr.R.S.Pillai
_eedt
942 _cL
999 _c3373
_d3373